000 00330nam a2200133Ia 4500
008 220216s9999 xx 000 0 und d
100 _aVijayagopalan K.
245 0 _aFactice from rubber seed oil
260 _bRubber Board Bulletin
_c1970-71
300 _a48-51
650 _aFactice
650 _aRubber seed oil
942 _cBS
999 _c51112
_d51112